00378nam a2200097Ia 4500008004100000100002300041245012100064260006700185546001200252700001600264220512s9999 xx 000 0 eng d aMishra, N Rudra  0aSpatial differences in consumption of selected food ans non-food items in India /cMishra, N Rudra and Shah, Amita aAhemdabad :bGujrat Institute of Development Research,cMar-13 aEnglish aShah, Amita